Sharḥ qānūn al-ʻamal / (Record no. 47966)
[ view plain ]
| 000 -LEADER | |
|---|---|
| fixed length control field | 00705cam a22002291a 4500 |
| 001 - CONTROL NUMBER | |
| control field | ne 65000505 |
| 003 - CONTROL NUMBER IDENTIFIER | |
| control field | DLC |
| 005 - DATE AND TIME OF LATEST TRANSACTION | |
| control field | 20260227111811.0 |
| 008 - FIXED-LENGTH DATA ELEMENTS--GENERAL INFORMATION | |
| fixed length control field | 850426s1964 ua 001 0 arar |
| 010 ## - LIBRARY OF CONGRESS CONTROL NUMBER | |
| LC control number | ne 65000505 |
| 035 ## - SYSTEM CONTROL NUMBER | |
| System control number | (OCoLC)11966174 |
| 040 ## - CATALOGING SOURCE | |
| Original cataloging agency | DLC |
| Transcribing agency | TxU-L |
| Modifying agency | TxU-L |
| -- | DLC |
| 042 ## - AUTHENTICATION CODE | |
| Authentication code | premarc |
| 050 00 - LIBRARY OF CONGRESS CALL NUMBER | |
| Classification number | KRM1270 |
| Item number | .Y24 1964 |
| 100 1# - MAIN ENTRY--PERSONAL NAME | |
| Personal name | Yaḥyá, ʻAbd al-Wadūd. |
| 245 10 - TITLE STATEMENT | |
| Title | Sharḥ qānūn al-ʻamal / |
| Statement of responsibility, etc. | ʻAbd al-Wadūd Yaḥyā. |
| 250 ## - EDITION STATEMENT | |
| Edition statement | al-Ṭabʻah 1. |
| 260 ## - PUBLICATION, DISTRIBUTION, ETC. | |
| Place of publication, distribution, etc. | al-Qāhirah : |
| Name of publisher, distributor, etc. | Maktabat al-Qāhirah al-Ḥadīthah, |
| Date of publication, distribution, etc. | 1964. |
| 300 ## - PHYSICAL DESCRIPTION | |
| Extent | 422 p. ; |
| Dimensions | 24 cm. |
| 504 ## - BIBLIOGRAPHY, ETC. NOTE | |
| Bibliography, etc. note | Includes bibliographical references and index. |
| 650 #0 - SUBJECT ADDED ENTRY--TOPICAL TERM | |
| Topical term or geographic name entry element | Labor laws and legislation |
| Geographic subdivision | Egypt. |
No items available.